000 00853cgm a22002895a 4500
001 22869
003 BD-RjUL
005 20211209000850.0
008 140309t1954 e 110 0 vlfre
017 _aPA866-706
_bU.S. Copyright Office
035 _a(BD-RjUL)22934
040 _aDLC
_cDLC
_eamim
_dDLC
_dBD-RjUL
_beng
041 _aeng
082 0 4 _a843
_bZOG 1954
100 1 0 _aZola, Emile.
_970507
245 0 0 _aGerminal /
_cintroduction by L.W. Tancock.
260 _aLondon :
_bPenguin book ;
_c1954.
300 _a496 p. ;
_c18 cm.
650 1 _a Coal mines and mining -- Fiction.
_970508
655 7 _aHistorical
_vFeature.
_2migfg
_970512
655 7 _aFilm adaptations.
_2lcgft
_970513
700 _aTancock, L.W.
_970511
942 _2ddc
_cBK
999 _c22869
_d22869